000 00609nam a2200205Ia 4500
005 20250923145818.0
008 008 250917s9999 xx 000 0 eng d
037 _aTextual
040 _aDSWL
_beng
_cDSWL
041 _aeng
_2eng
084 _aY72:7:7.23157, N85
_qDSWL
100 _aDeshpande, V.
_9839186
245 4 _aThe struggle of the deprived for development adivasis of thane
_cby V.Deshpande
260 _aPune
_b Dartane Ram Chandra
_c1985
300 _axi,122p.
365 _aINR
_b45
925 _g45
942 _cTEXL
_hY72:7:7.23157, N85
999 _c1455991
_d1455991